• 首页
  • 本馆介绍
  • 公告通知
  • 最新文献
  • 馆藏检索
  • 电子资源
  • 读者导购
  • 参考咨询
  • 我的图书馆
  • 登录
  • 详细信息显示
  • 放入我的书架
  • 预约/预借图书
  • 作者相关作品
  • 分类相关作品
  • 丛书相关作品
  • 出版社相关作品

书目信息

  • 表格格式
  • 工作单格式
  • 卡片格式
题名:
理想国
    
 
作者: 柏拉图 著
分册:  
出版信息: 长春   吉林音像出版社  2004
页数: 396页
开本: 21cm
丛书名: 西方学术思想经典(文库)
单 册:
中图分类: B502.232
科图分类:
主题词: 古希腊罗马哲学
电子资源:
ISBN: 7-5601-2858-0
000 00877oam2 2200253 45
001 012006061201
005 20070706143957.06
010    @a7-5601-2858-0@dCNY456.00(全15册)
092    @aCN@b463742
100    @a20060612e20052004em y0chiy0120 ea
101 1  @achi@cgre
102    @aCN@b220000
105    @ay z 000yy
200 1  @a理想国@Ali xiang guo@f(古希腊)柏拉图著@F( gu xi la ) bai la tu zhu
210    @a长春@c吉林音像出版社@c吉林大学出版社@d2004@h2005重印
215    @a396页@d21cm
225 2  @a西方学术思想经典(文库)
330    @a本书以“理想”为定义,主要涉及国家专政问题、独裁问题、正义非正义问题、善与恶问题、民主问题、法律问题、宗教问题、道德问题等诸多问题。
461  0 @12001 @a西方学术思想经典(文库)
606 0  @a古希腊罗马哲学
690    @aB502.232@v4
701  0 @a柏拉图@Abai la tu@4著
801  0 @aCN@bLZJBOOK@c20070706
905    @a10447@dB502.232@e65
    
    理想国/(古希腊)柏拉图著.-长春:吉林音像出版社:吉林大学出版社,2004(2005重印)
    396页;21cm.-(西方学术思想经典(文库))
    
    
    ISBN 7-5601-2858-0:CNY456.00(全15册)
    本书以“理想”为定义,主要涉及国家专政问题、独裁问题、正义非正义问题、善与恶问题、民主问题、法律问题、宗教问题、道德问题等诸多问题。
●
相关链接 在E读中查询图书 在五车中查询图书 在当当中查询图书 在豆瓣中查询图书


正题名:理想国     索取号:B502.232/65         预约/预借

序号 登录号 条形码 馆藏地/架位号 状态 备注
1 0566564   205665644   第一样本阅览室/ [索取号:B502.232/65] 在馆    
2 0566565   205665653   第一借阅区/ [索取号:B502.232/65] 在馆    
3 0566566   205665662   第一借阅区/ [索取号:B502.232/65] 在馆    
4 0566567   205665671   第一借阅区/ [索取号:B502.232/65] 在馆    
5 0566568   205665680   第一借阅区/ [索取号:B502.232/65] 在馆    
6 0566569   205665699   第一借阅区/ [索取号:B502.232/65] 在馆    
唐山师范学院图书馆 欢迎您!
大连网信软件有限公司© 版权所有